Statistics for Biologie Abitur Prozesse

Click here to take the quiz!

General Stats

  • This quiz has been taken 17 times
  • The average score is 6 of 16

Answer Stats

Answer% Correct
Citratzyklus
86%
Translation
79%
Aktionspotential
57%
Glykolyse
57%
Calvinzyklus
50%
Replikation
43%
Transkription
43%
Atmungskette
36%
Ruhepotential
29%
Lichtreaktion
21%
einfache Diffusion
14%
erleichterte Diffusion
14%
dehydrierende Decarboxylierung
7%
primär aktiven Transport
7%
sekundär aktiven Transport
7%
Synapsen Reizübertragung
7%

Score Distribution

Percentile by Number Answered

Percent of People with Each Score

Your Score History

You have not taken this quiz